000 01371nam0a22002651 4500
001 v19\rc\2108270
005 20250620045341.0
035 _a(NLR Aleph) 005180426
090 _a5129814
_c5129814
100 _a20090914d1821 |||y0rusy50 ca
101 0 _arus
102 _aRU
105 _ay b |||h|
200 1 _aРечь при открытии Черноморской гимназии в г. Екатеринодаре, говоренная 1820 г. мая 17 и посвященная Войску Черноморскому
_f[Соч.] Исправляющим должность директора, закона божия учителем, ... войсковым протоиереем и кавалером Кириллом Россинским
210 _aХарьков
_cв Университетской Типографии
_d1821
215 _a23 с.
_d22
532 1 2 _aРечь при открытии Черноморской гимназии в городе Екатеринодаре, говоренная 1820 г. мая 17 и посвященная Войску Черноморскому
700 1 _aРоссинский
_bК.В.
_f1774-1825
_gКирилл Васильевич
801 0 _aRU
_bNLR
_gpsbo
801 1 _aRU
_bProSoft-M
_2rusmarc
852 _aNLR
_j18.52.4.11
942 _cBOOK
980 _aNB
980 3 _akpnscan